|
|
|
|
| LEADER |
00000cam a22000004a 4500 |
| 001 |
musev2_75592 |
| 003 |
MdBmJHUP |
| 005 |
20230905051816.0 |
| 006 |
m o d |
| 007 |
cr||||||||nn|n |
| 008 |
060116s1987 mau o 00 0 eng d |
| 020 |
|
|
|a 9781684172603
|
| 020 |
|
|
|z 1684172608
|
| 020 |
|
|
|z 9780674175433
|
| 035 |
|
|
|a (OCoLC)1227050419
|
| 040 |
|
|
|a MdBmJHUP
|c MdBmJHUP
|
| 041 |
1 |
|
|a eng
|g chi
|
| 100 |
1 |
|
|a Von Glahn, Richard,
|d 1953- ...
|4 aut
|0 (FrPBN)14528795
|
| 245 |
1 |
4 |
|a The Country of Streams and Grottoes :
|b Expansion, Settlement, and the Civilizing of the Sichuan Frontier in Song Times /
|c Richard von Glahn.
|
| 264 |
|
1 |
|a Cambridge (Mass.) :
|b Council on East Asian studies, Harvard University,
|c 1987.
|
| 264 |
|
3 |
|a Baltimore, Md. :
|b Project MUSE,
|c 2021
|
| 264 |
|
4 |
|c ©1987.
|
| 300 |
|
|
|a 1 online resource (338 pages):
|b cartes ;
|
| 336 |
|
|
|a text
|b txt
|2 rdacontent
|
| 337 |
|
|
|a computer
|b c
|2 rdamedia
|
| 338 |
|
|
|a online resource
|b cr
|2 rdacarrier
|
| 490 |
0 |
|
|a Harvard east asian monographs ;
|v 123
|
| 500 |
|
|
|a Bibliogr. p. [273]-287.
|
| 588 |
|
|
|a Description based on print version record.
|
| 651 |
|
7 |
|a Chine
|y 960-1279 (Dynastie des Song)
|2 ram
|0 (FrPBN)11963285
|
| 651 |
|
7 |
|a Sichuan (Chine)
|x Limites
|0 (FrPBN)11976240
|y Jusqu'à 1500.
|2 ram
|0 (FrPBN)11952945
|0 (FrPBN)12061769
|
| 651 |
|
7 |
|a China
|z Sichuan Sheng.
|2 fast
|0 (OCoLC)fst01212127
|
| 651 |
|
7 |
|a China.
|2 fast
|0 (OCoLC)fst01206073
|
| 651 |
|
6 |
|a Chine
|x Histoire
|y 960-1279 (Dynastie des Song)
|
| 651 |
|
6 |
|a Sichuan (Chine)
|x Histoire.
|
| 651 |
|
0 |
|a China
|x History
|y Song dynasty, 960-1279.
|
| 651 |
|
0 |
|a Sichuan Sheng (China)
|
| 650 |
|
7 |
|a Song Dynasty (China)
|2 fast
|0 (OCoLC)fst01696776
|
| 655 |
|
7 |
|a History.
|2 fast
|0 (OCoLC)fst01411628
|
| 655 |
|
7 |
|a Electronic books.
|2 local
|
| 710 |
2 |
|
|a Project Muse.
|e distributor
|
| 830 |
|
0 |
|a Book collections on Project MUSE.
|
| 856 |
4 |
0 |
|z Texto completo
|u https://projectmuse.uam.elogim.com/book/75592/
|
| 945 |
|
|
|a Project MUSE - Custom Collection
|
| 945 |
|
|
|a Project MUSE - Archive Complete Supplement IX
|
| 945 |
|
|
|a Project MUSE - Archive History Supplement IX
|
| 945 |
|
|
|a Project MUSE - Archive Asian and Pacific Studies Supplement VIII
|